| 000 | 00478 a2200169 4500 | ||
|---|---|---|---|
| 020 | _a9780746076170 | ||
| 020 | _a0746076177 | ||
| 041 | _aspa | ||
| 100 | _aWatt, Fiona | ||
| 245 | _aPerritos / [texto, Fiona Watt ; ilustraciones, Rachel Wells ; traduccion, Begona Rodriguez de Cespedes] | ||
| 260 | _aLondres : Usborne, 2006 | ||
| 300 |
_a[10] p. : il. color ; _c17 x 17 cm |
||
| 440 | _aToca, toca! | ||
| 500 | _aDe 0 a 4 anos | ||
| 700 | _aWells, Rachel | ||
| 942 | _cBK | ||
| 999 |
_c10416 _d10416 |
||